| 000 | 00608cam a2200133 4500500 | ||
|---|---|---|---|
| 005 | 20260111091249.0 | ||
| 041 | _afre | ||
| 042 | _adc | ||
| 245 | 0 | 0 | _aAccordini G., La rivelazione di Dio come storia e come atto. Scenarii e codici nella teologia di W. Pannenberg, coll. Quodlibet 11, Milano, Glossa, 2002, 21x14, 310 p., 28.50 €. ISBN 88-7105-145-9 |
| 260 | _c2005. | ||
| 500 | _a26 | ||
| 786 | 0 | _nNouvelle revue théologique | 127 | 4 | 2005-12-15 | p. 623ze-646ze | 0029-4845 | |
| 856 | 4 | 1 | _uhttps://shs.cairn.info/revue-nouvelle-revue-theologique-2005-4-page-623ze?lang=fr&redirect-ssocas=7080 |
| 999 |
_c1620756 _d1620756 |
||